000 00335nam a22001457a 4500
008 210429b ||||| |||| 00| 0 eng d
020 _a9780816039111
041 _aeng
080 _23rd
_a53
082 _a53
100 _a43
101 _aFIZ
245 _aThe Facts on File Dictionary of Physics
_cJohn Daintith
942 _2udc
_cBK
999 _c56956
_d56956